000 00849nam a2200265 a 4500
001 50837
003 BD-RjUL
005 20211209075555.0
008 160828s1964 dcua b 000 0 eng d
020 _a0883856131
035 _a(BD-RjUL)50957
040 _aBDS
_beng
_cBD-RjUL
_dBD-RjUL
041 _aeng
082 0 _a510.901
_223
_bAAE 1964
100 1 _aAaboe, Asger.
_9152180
245 1 0 _aEpisodes from the early history of mathematics /
_cby Asger Aaboe.
260 _aWashigton, D.C. :
_bMathematical Association of America,
_cc1964.
300 _ax, 133 p. :
_bill. ;
_c23 cm.
504 _aIncludes bibliographical references.
650 0 _aMathematics, Greek.
_9152181
650 0 _aMathematics, Babylonian.
_9152182
650 0 _aMathematics, Ancient.
_9152183
830 0 _aNew mathematical library ;
_v13
_9152184
942 _2ddc
_cBK
999 _c50837
_d50837